000 00600nam a2200229Ia 4500
003 OSt
005 20220923212043.0
006 a|||||r|||| 00| 0
007 ta
008 220922b |||||||| |||| 00| 0 hin d
024 _a150,345
037 _cTextual
040 _aARTS
_cARTS
_bhin
041 _2hin
_ahin
082 _aB5, 152G5
100 _aसुखदेव पाडे़
245 0 _aत्रिकोणमिति
246 _aTrikoṇamiti
260 _c1935
942 _hB5, 152G5
_cTEXL
_2CC
999 _c306025
_d306025